000
00283nam a22001337a 4500
003
SGT
082
_a
617.51, O13K
100
_a
KIRTANE, MILND V.
245
_a
OTOLOGY AND NEUROTOLOGY
260
_a
INDIA
_b
THIEME PUB.
_c
2013
300
_a
498
650
_a
SURGERY
942
_2
ddc
_c
BK
999
_c
8405
_d
8405